00902cam a22002411 4500001001300000003000400013005001700017008004100034010001700075035001900092040004300111042001200154050001800166110003200184245010900216260004900325300002800374500010000402650002000502650004700522711007400569999001700643l 33000102 DLC20260227111534.0790712s1933 sz 000 0 eng c al 33000102  a(OCoLC)5164607 aU.S. Dept. of Labor. LibrarycOCldDLC apremarc00aHD4906b.I5842 aInternational Labour Office10aReduction of hours of work;breport of the Tripartite preparatory conference.cFifth item on the agenda. aGeneva,bInternational labour office,c1933. a2 p. l., 212 p.c24 cm. aAt head of title: Report V. International labour conference. Seventeenth session. Geneva, 1933. 0aHours of labor. 0aLabor laws and legislation, International.2 aTripartite preparatory conference on hours of labord(1933 :cGeneva) c36101d36101